Responses for Show #5570 - Friday, November 21, 2008

2008-B Teen Tournament final game 2.

Contestants

[<< previous game]

Audrey Hosford, a junior from Annapolis, Maryland (subtotal of $15,200)

Bradley Silverman, a junior from Alpharetta, Georgia (subtotal of $26,600)

Anurag Kashyap, a senior from Poway, California (subtotal of $35,000)

[next game >>]

Jeopardy! Round responses

LETTERS TO CONGRESSPEOPLE?
WHEN THEY WERE TEENS
THE NET WORKS
FOOD FOR THOUGHT
BODIES OF WATER
GOOD APPLICATION ESSAY WORDS
    $200 3
Arizona

Anurag
    $200 7
Lindsay Lohan

Audrey
    $200 21
Myspace(.com)

Audrey
    $200 26
Pepperidge

Anurag
    $200 1
Italy

Anurag
    $200 16
eager

Anurag
    $400 12
(John) Kerry

Anurag
    $400 8
(Patrick) Dempsey

Audrey
    $400 22
YouTube

Bradley
    $400 27
Subway

Anurag
    $400 2
the Seine

Audrey
    $400 17
creative

Bradley
    $600 13
Pelosi

Anurag
    $600 9
New Zealand

Triple Stumper
    $600 23
Microsoft

Bradley
    $600 28
(Alex: And I prefer this--[*].)

flaky

Triple Stumper
    $600 4
the North Sea

Anurag
    $600 18
responsibility

Triple Stumper
    $800 14
John Boehner

Triple Stumper
    $800 10
(Mariska) Hargitay

Audrey
    $800 24
Facebook

Anurag
    $800 29
a Caesar salad

Anurag
    $800 5
the Caspian Sea

Anurag
    $800 19
diverse

Anurag
    $1000 15
(Bradley: ...Who is Biden?)

(Joe) Lieberman

BradleyAudrey
    $1000 11
Owen Wilson

Audrey
    $900 25
Yahoo!

Anurag
    $1000 30
Honey Nut Cheerios

Anurag
    $1000 6
(Bradley: What is the Bay of Biscay?)

the Bay of Bengal

AnuragBradley
    $1000 20
determination

Triple Stumper

Scores at the first commercial break (after clue 15):

Anurag Bradley Audrey
$3,800 -$2,000 $3,800

Scores at the end of the Jeopardy! Round:

Anurag Bradley Audrey
$8,900 -$600 $4,000

Double Jeopardy! Round responses

HEROD'S LOST TOMB
(Alex: And this is based on the National Geographic special on Herod, which will be on the National Geographic Channel this Sunday.)
RECENT MOVIES
POETS & POETRY
SOUNDS LIKE FUN
U.S. BUILDINGS
TEEN-LETTER WORDS
(Alex: Not 10-LETTER WORDS, but [*]; each correct response will contain anywhere from 13 to 19 letters.)
    $400 1
Israel

Anurag
    $400 14
Igor

Audrey
    $400 2
(Bradley: What is myself?)
(Audrey: What is Solomon?)
...
(Alex: Longfellow's Song of [*].)

Hiawatha

BradleyAudrey
Triple Stumper
    $400 25
bingo

Bradley
    $400 7
Seattle

Anurag
    $400 19
constellations

Bradley
    $800 9
the birth of Jesus

Bradley
    $800 15
Ghost Town

Audrey
    $1,700 3
(Alex: Anurag?)
(Anurag: What is... happiness?)
(Alex: No, what is [*], which produces happiness, interestingly enough.)

love

Anurag
    $800 26
a mountain fold

Anurag
    $800 8
the Pentagon

Bradley
    $800 20
upperclassman

Audrey
    $1200 10
a tidal wave (or tsunami)

Anurag
    $1200 16
Clone Wars

Bradley
    $1200 4
Byron

Anurag
    $1200 27
judo

Bradley
    $1200 11
Santa Fe

Anurag
    $1200 22
videocassette

Anurag
    $1600 17
(Audrey: What is the Holy of Holies?)

the Western Wall

BradleyAudrey
    $1600 21
Playlist

Anurag
    $1600 5
(T.S.) Eliot

Bradley
    $1600 28
(Anurag: What is a glider?)
(Alex: Be more specific.)

a hang glider

Anurag
    $1,900 12
Frank Lloyd Wright

Anurag
    $1600 23
unsportsmanlike

Anurag
    $2000 18
a sarcophagus

Anurag
    $2000 30
(Alex: The actor is [*].)

Vin Diesel

Triple Stumper
    $2000 6
(Edgar Allan) Poe

Anurag
    $2000 29
(Alex: It's called [*].)

skeet (or trap) shooting

Triple Stumper
    $2000 13
(the) Chrysler (Building)

Audrey
    $2000 24
conscientious

Bradley

Scores at the end of the Double Jeopardy! Round:

Anurag Bradley Audrey
$24,300 $9,000 $6,000
(lock tournament)

[wagering suggestions for these scores]

Final Jeopardy! Round responses

GREEK MYTHOLOGY
(Alex: [Revealing Audrey's response] Good for you--Zeus, famous for his [*]bolts.)
AudreyWhat is thunder?
$5,200
BradleyWhat is thunder
$9,000
AnuragWhat is the sound of thunder?
$0
thunder

Final scores:

Anurag Bradley Audrey
$24,300 $18,000 $11,200

Cumulative scores:

Anurag Bradley Audrey
$59,300 $44,600 $26,400
Tournament champion: $75,000 1st runner-up: $44,600 2nd runner-up: $26,400

Game dynamics:

Coryat scores:

Anurag Bradley Audrey
$25,800 $9,000 $6,000
28 R
(including 2 DDs),
1 W
(including 1 DD)
12 R,
3 W
11 R,
2 W

Combined Coryat: $40,800

[game clues] [game scores] [suggest correction]

Game tape date: 2008-10-07
The J! Archive is created by fans, for fans. Scraping, republication, monetization, and malicious use prohibited; this site may use cookies and collect identifying information. See terms. The Jeopardy! game show and all elements thereof, including but not limited to copyright and trademark thereto, are the property of Jeopardy Productions, Inc. and are protected under law. This website is not affiliated with, sponsored by, or operated by Jeopardy Productions, Inc. Join the discussion at JBoard.tv.